The emancipation of Massachusetts : The dream and the reality

Salvato in:
Dettagli Bibliografici
Autore principale: Adams, Brooks
Natura: Libro
Lingua:Undetermined
Pubblicazione: Boston Houghton mifflin company 1962
Soggetti:
Tags: Aggiungi Tag
Nessun Tag, puoi essere il primo ad aggiungerne! !
Thư viện lưu trữ: Trung tâm Học liệu Trường Đại học Cần Thơ
LEADER 00528nam a2200193Ia 4500
001 CTU_77538
008 210402s9999 xx 000 0 und d
082 |a 973 
082 |b A211 
100 |a Adams, Brooks 
245 4 |a The emancipation of Massachusetts : 
245 4 |b The dream and the reality 
245 0 |c Brooks Adams 
260 |a Boston 
260 |b Houghton mifflin company 
260 |c 1962 
650 |a Puritans,History 
904 |i Vương,Hải 
980 |a Trung tâm Học liệu Trường Đại học Cần Thơ